000 00588nam a2200181 i 4500
001 26121
003 ES-MaACL
005 20230906153405.0
007 t|
008 030107s1884 sp ||||1| spa d
100 1 _aArnould, Arthur.
_923118
245 1 3 _aLa bella Julia /
_cArthur Arnould ; Versión española por Benito Chass de Lamotte.
260 _aMadrid :
_b[s.n.,
_c1884] (
_fS. Arranz y Co.)
300 _a270 p. ;
_c19 cm.
500 _aLa continuación y fin de la novela se titula "La Virgen viuda"
700 0 _aChas de Lamotte, Benito.
_938146
852 _aES-MaACL
_jF-9041
999 _c26121
_d26121